| 000 | 01150nam a22003617a 4500 | ||
|---|---|---|---|
| 003 | CHAP | ||
| 005 | 20220329140746.0 | ||
| 008 | 971013s1973 r 00010 d | ||
| 010 | _a57170 | ||
| 011 | _a58142 | ||
| 035 | _a62297 | ||
| 040 | _cCHAP | ||
| 082 |
_a658.403 _bS6 1973 |
||
| 100 | 0 | 0 |
_aSpurr, William A. _9109317 |
| 245 | _aStatistical analysis for business decisions | ||
| 250 | _aRev. ed. | ||
| 260 |
_aHomewood, Ill. : _bIrwin, _c1973 |
||
| 300 | _a724 p. | ||
| 590 |
_aBATCH-UPD _b10 _c20130110 _lUCH01 _h0124 |
||
| 590 |
_aBATCH-UPD _b10 _c20130110 _lUCH01 _h0710 |
||
| 590 |
_aBATCH-UPD _b10 _c20130409 _lUCH01 _h2118 |
||
| 590 |
_aBATCH-UPD _b10 _c20130410 _lUCH01 _h0440 |
||
| 590 |
_aBATCH-UPD _b10 _c20130914 _lUCH01 _h0348 |
||
| 590 |
_aCONVERSION _b10 _c20130109 _lUCH01 _h1331 |
||
| 650 | 1 | 4 |
_aAnálisis estadístico. _95984 |
| 650 | 1 | 4 |
_aDecisión estadística. _931474 |
| 650 | 1 | 4 |
_aNegocios _xMétodos estadísticos. _980698 |
| 650 | 1 | 4 |
_aToma de decisiones. _9113662 |
| 700 | 0 |
_aBonini, Charles P. _913718 |
|
| 901 | _aBK | ||
| 942 | _cLIBRO | ||
| 949 |
_a658.403 S6 1973 _bBC _cLIBRO _d33724000118170 _eLIBRO _h38366 _i62297 _si |
||
| 999 |
_c57170 _d57170 |
||